| 000 | 00474nam a2200169Ia 4500 | ||
|---|---|---|---|
| 005 | 20250424120328.0 | ||
| 008 | 250424s9999 xx 000 0 und d | ||
| 022 | _a15798796 | ||
| 050 | _aLA 1630 .K86/ | ||
| 245 | 4 | _aThe kumbotso teacher educator: a journal of multi-disciplinary studies | |
| 260 | _aKano | ||
| 260 | _bSa’adatu Rimi College of Education | ||
| 260 | _c2011 | ||
| 300 | _ai, 127 p. 25 cm. | ||
| 650 | _aEducation--Nigeria--Periodical. | ||
| 942 | _cSR | ||
| 999 |
_c38695 _d38695 |
||